Informational Efficiency, Interest Rate Variability, and Central Bank Operations

Gespeichert in:
Bibliographische Detailangaben
1. Verfasser: Hardy, Daniel C.
Format: Buch
Sprache:Englisch
Veröffentlicht: Washington International Monetary Fund 1997
Ausgabe:1. ed.
Schriftenreihe:IMF Working Paper 26
Schlagworte:
Tags: Tag hinzufügen
Keine Tags, Fügen Sie das erste Tag hinzu!

MARC

LEADER 00000nam a2200000 4500
001 c021140
005 20221129110209.6
041 0 |a eng 
044 |a US 
245 1 0 |a Informational Efficiency, Interest Rate Variability, and Central Bank Operations  |c Daniel C. Hardy 
250 |a 1. ed. 
264 1 |a Washington  |b International Monetary Fund  |c 1997 
300 |a 25 s. 
490 1 |a IMF Working Paper  |v 26 
830 0 |a IMF Working Paper  |v 26 
610 2 0 |a banky centrálne 
610 2 0 |a sadzby úrokové 
610 2 0 |a informácie 
610 2 0 |a trh peňažný 
610 2 0 |a politika menová 
610 2 0 |a politika peňažná 
100 1 |a Hardy, Daniel C.